| 000 | 00564nam a2200193Ia 4500 | ||
|---|---|---|---|
| 003 | GCL | ||
| 008 | 140319s9999 xx 000 0 eng d | ||
| 040 |
_aGCL / _cGCL |
||
| 082 | 0 | 4 |
_a372.37 _bW H |
| 100 | 1 | _aWILSON, M.D. CHARLES C | |
| 245 | 1 | 0 |
_aHEALTH EDUCATION: A GUIDE FOR TEACHERS AND A TEXT FOR TEACHER EDUCATION / _cWILSON, M.D. CHARLES C |
| 260 |
_a[S.N] : _bNATIONAL EDUCATION ASSOCIATION ، _c1949 |
||
| 300 | _a413 P | ||
| 650 | 0 | 4 | _aPHYSICAL EDUCATION |
| 650 | 0 | 4 | _aEDUCATION |
| 650 | 0 | 4 | _aHEALTH |
| 650 | 0 | 4 | _aHEALTH EDUCATION |
| 942 |
_2ddc _cBK |
||
| 999 |
_c14769 _d14769 |
||